<?xml version="1.0" encoding="UTF-8"?>
<record
    xmlns:xsi="http://www.w3.org/2001/XMLSchema-instance"
    xsi:schemaLocation="http://www.loc.gov/MARC21/slim http://www.loc.gov/standards/marcxml/schema/MARC21slim.xsd"
    xmlns="http://www.loc.gov/MARC21/slim">

  <leader>01311nam0a2200349   4500</leader>
  <controlfield tag="001">RU\NLR\BIBL_A\011952323</controlfield>
  <controlfield tag="005">20240725115557.0</controlfield>
  <datafield tag="010" ind1=" " ind2=" ">
    <subfield code="a">978-5-7057-5469-4</subfield>
    <subfield code="9">15000</subfield>
  </datafield>
  <datafield tag="021" ind1=" " ind2=" ">
    <subfield code="a">RU</subfield>
    <subfield code="b">&#x41A;&#x41D;-&#x41F;-19-005824</subfield>
    <subfield code="9">&#x41A;&#x41D;-&#x41F;-19-0428</subfield>
  </datafield>
  <datafield tag="035" ind1=" " ind2=" ">
    <subfield code="a">(NLR Aleph) 011952323</subfield>
  </datafield>
  <datafield tag="035" ind1=" " ind2=" ">
    <subfield code="a">(RuMoRGB)009880470</subfield>
  </datafield>
  <datafield tag="090" ind1=" " ind2=" ">
    <subfield code="a">11155973</subfield>
    <subfield code="c">11155973</subfield>
  </datafield>
  <datafield tag="100" ind1=" " ind2=" ">
    <subfield code="a">20190305d2019    b  y0rusy50      ca</subfield>
  </datafield>
  <datafield tag="101" ind1="0" ind2=" ">
    <subfield code="a">rus</subfield>
  </datafield>
  <datafield tag="102" ind1=" " ind2=" ">
    <subfield code="a">RU</subfield>
  </datafield>
  <datafield tag="105" ind1=" " ind2=" ">
    <subfield code="a">a|||z|||000gy</subfield>
  </datafield>
  <datafield tag="200" ind1="1" ind2=" ">
    <subfield code="a">&#x412;&#x440;&#x435;&#x43C;&#x435;&#x43D;&#x430; &#x433;&#x43E;&#x434;&#x430;</subfield>
    <subfield code="e">[&#x441;&#x442;&#x438;&#x445;&#x438;</subfield>
    <subfield code="e">&#x434;&#x43B;&#x44F; &#x447;&#x442;&#x435;&#x43D;&#x438;&#x44F; &#x440;&#x43E;&#x434;&#x438;&#x442;&#x435;&#x43B;&#x44F;&#x43C;&#x438; &#x434;&#x435;&#x442;&#x44F;&#x43C;]</subfield>
    <subfield code="f">[&#x418;. &#x421;. &#x41F;&#x430;&#x43D;&#x430;&#x441;&#x44E;&#x43A;</subfield>
    <subfield code="g">&#x438;&#x43B;&#x43B;&#x44E;&#x441;&#x442;&#x440;&#x430;&#x446;&#x438;&#x438; &#x418;. &#x421;. &#x41F;&#x430;&#x43D;&#x430;&#x441;&#x44E;&#x43A;]</subfield>
  </datafield>
  <datafield tag="210" ind1=" " ind2=" ">
    <subfield code="a">&#x412;&#x43E;&#x43B;&#x433;&#x43E;&#x433;&#x440;&#x430;&#x434;</subfield>
    <subfield code="c">&#x423;&#x447;&#x438;&#x442;&#x435;&#x43B;&#x44C;</subfield>
    <subfield code="d">[2019]</subfield>
  </datafield>
  <datafield tag="215" ind1=" " ind2=" ">
    <subfield code="a">[11] &#x441;.</subfield>
    <subfield code="c">&#x446;&#x432;. &#x438;&#x43B;.</subfield>
    <subfield code="d">15</subfield>
  </datafield>
  <datafield tag="225" ind1="1" ind2=" ">
    <subfield code="a">&#x424;&#x413;&#x41E;&#x421;</subfield>
  </datafield>
  <datafield tag="225" ind1="1" ind2=" ">
    <subfield code="a">&#x421;&#x435;&#x440;&#x438;&#x44F; "&#x41F;&#x43E;&#x437;&#x43D;&#x430;&#x435;&#x43C;, &#x440;&#x430;&#x437;&#x432;&#x438;&#x432;&#x430;&#x435;&#x43C;&#x441;&#x44F;, &#x440;&#x430;&#x441;&#x442;&#x435;&#x43C;"</subfield>
  </datafield>
  <datafield tag="300" ind1=" " ind2=" ">
    <subfield code="a">&#x410;&#x432;&#x442;. &#x443;&#x43A;&#x430;&#x437;&#x430;&#x43D; &#x43F;&#x435;&#x440;&#x435;&#x434; &#x432;&#x44B;&#x43F;. &#x434;&#x430;&#x43D;.</subfield>
  </datafield>
  <datafield tag="309" ind1=" " ind2=" ">
    <subfield code="a">&#x411;&#x435;&#x437; &#x442;&#x438;&#x442;. &#x441;. &#x41E;&#x43F;&#x438;&#x441;&#x430;&#x43D;&#x43E; &#x43F;&#x43E; &#x43E;&#x431;&#x43B;.</subfield>
  </datafield>
  <datafield tag="333" ind1=" " ind2=" ">
    <subfield code="a">0+</subfield>
  </datafield>
  <datafield tag="686" ind1="0" ind2=" ">
    <subfield code="a">&#x428;9(2)60=&#x420;7-5</subfield>
  </datafield>
  <datafield tag="700" ind1=" " ind2="1">
    <subfield code="a">&#x41F;&#x430;&#x43D;&#x430;&#x441;&#x44E;&#x43A;</subfield>
    <subfield code="b">&#x418;. &#x421;.</subfield>
    <subfield code="g">&#x418;&#x43D;&#x43D;&#x430; &#x421;&#x435;&#x440;&#x433;&#x435;&#x435;&#x432;&#x43D;&#x430;</subfield>
  </datafield>
  <datafield tag="701" ind1=" " ind2="1">
    <subfield code="a">&#x41F;&#x430;&#x43D;&#x430;&#x441;&#x44E;&#x43A;</subfield>
    <subfield code="b">&#x418;. &#x421;.</subfield>
    <subfield code="g">&#x418;&#x43D;&#x43D;&#x430; &#x421;&#x435;&#x440;&#x433;&#x435;&#x435;&#x432;&#x43D;&#x430;</subfield>
    <subfield code="4">440</subfield>
  </datafield>
  <datafield tag="942" ind1=" " ind2=" ">
    <subfield code="c">BOOK</subfield>
  </datafield>
  <datafield tag="980" ind1=" " ind2=" ">
    <subfield code="a">NB</subfield>
  </datafield>
  <datafield tag="995" ind1=" " ind2=" ">
    <subfield code="5">2019-03-05</subfield>
    <subfield code="a">ad</subfield>
    <subfield code="b">NLR01</subfield>
    <subfield code="c">NLR01</subfield>
    <subfield code="e">RF81</subfield>
    <subfield code="f">1-2636245</subfield>
    <subfield code="k">2019-1/99</subfield>
    <subfield code="o">0</subfield>
    <subfield code="r">BOOK</subfield>
    <subfield code="s">2019199_</subfield>
  </datafield>
  <datafield tag="995" ind1=" " ind2=" ">
    <subfield code="5">2019-03-05</subfield>
    <subfield code="a">ad</subfield>
    <subfield code="b">NLR01</subfield>
    <subfield code="c">NLR01</subfield>
    <subfield code="e">OBM</subfield>
    <subfield code="f">1-2636246</subfield>
    <subfield code="o">0</subfield>
    <subfield code="r">BOOK</subfield>
  </datafield>
</record>
